[Event "April Lviv Tradition (IM A-group)"]
[Site "Lviv"]
[Date "2016.04.25"]
[Round "1.1"]
[White "Kubicka, Anna"]
[Black "Buksa, Nataliya"]
[Result "0-1"]
[WhiteElo "2154"]
[BlackElo "2310"]
[PlyCount "160"]
[EventDate "2016.04.25"]

1. c4 Nf6 2. Nf3 g6 3. Nc3 d5 4. cxd5 Nxd5 5. Qb3 Nb6 6. d4 Bg7 7. Bf4 O-O 8.
Rd1 c6 9. e4 N8d7 10. Be2 Nf6 11. d5 cxd5 12. exd5 Ne8 13. O-O Nd6 14. Nd4 Nd7
15. Ndb5 Nc5 16. Qa3 b6 17. Nxd6 exd6 18. b4 Nb7 19. Nb5 Re8 20. Rfe1 a6 21.
Nd4 Bd7 22. Nc6 Qf6 23. Be3 Qc3 24. Qxc3 Bxc3 25. Rf1 b5 26. Rc1 Bf6 27. Bd3 g5
28. h3 h6 29. Rfe1 Rac8 30. Na7 Rxc1 31. Rxc1 Bd8 32. Bd4 g4 33. hxg4 Bxg4 34.
f3 Bd7 35. Kf2 f5 36. a3 f4 37. g3 fxg3+ 38. Kxg3 Kf7 39. Rh1 Rg8+ 40. Kf2 Bg5
41. Be3 Ke7 42. Bxg5+ Rxg5 43. Nc6+ Kf8 44. Be4 h5 45. Nb8 Be8 46. Nxa6 Ke7 47.
Nb8 Nd8 48. Rc1 Bf7 49. Nc6+ Kd7 50. Nb8+ Ke7 51. Rc7+ Ke8 52. Rd7 h4 53. Rxd6
h3 54. f4 Rg4 55. Rh6 Rxf4+ 56. Ke3 Rf1 57. Rxh3 Ra1 58. Rh8+ Ke7 59. Nc6+ Nxc6
60. dxc6 Be6 61. Ra8 Rc1 62. Ra5 Kd6 63. Kd3 Kc7 64. Ra7+ Kd6 65. Kd2 Rg1 66.
Bf3 Rg3 67. Ke2 Rh3 68. Kf2 Rh2+ 69. Ke3 Rc2 70. Be4 Rc1 71. Ke2 Ra1 72. Kd2
Rg1 73. a4 Rg4 74. Kd3 Ke5 75. Re7 Kd6 76. Rb7 Ke5 77. Re7 Kd6 78. Rxe6+ Kxe6
79. axb5 Kd6 80. Kd4 Kc7 {White Time Zero} 0-1

[Event "April Lviv Tradition (IM A-group)"]
[Site "Lviv"]
[Date "2016.04.25"]
[Round "1.1"]
[White "Madsen, Michael Ole"]
[Black "Anwesh, Upadhyaya"]
[Result "0-1"]
[WhiteElo "2036"]
[BlackElo "2385"]
[PlyCount "76"]
[EventDate "2016.??.??"]

1. d4 Nf6 2. c4 e6 3. Nc3 d5 4. cxd5 exd5 5. Bg5 c6 6. Qc2 Be7 7. e3 Nbd7 8.
Bd3 O-O 9. Nf3 Re8 10. O-O Nf8 11. Rab1 a5 12. Ne5 N6d7 13. Bxe7 Qxe7 14. Nxd7
Bxd7 15. Na4 h5 16. Nc5 Bc8 17. Bf5 Bxf5 18. Qxf5 g6 19. Qf4 Nh7 20. Rfe1 b6
21. Nd3 Ng5 22. Rbc1 Rac8 23. h3 Ne4 24. b3 a4 25. f3 Nd6 26. Nb4 Qd7 27. g4
hxg4 28. hxg4 Kg7 29. Re2 f6 30. Rh2 Nf7 31. Rhc2 axb3 32. axb3 g5 33. Qg3 Rxe3
34. Rxc6 Rxc6 35. Rxc6 Rxb3 36. Rxb6 Rb1+ 37. Kg2 Rb2+ 38. Kg1 Qa7 0-1

[Event "April Lviv Tradition (IM A-group)"]
[Site "Lviv"]
[Date "2016.04.25"]
[Round "1.2"]
[White "Cukrowski, Filip"]
[Black "Bykovskiy, Oleg"]
[Result "1/2-1/2"]
[WhiteElo "2346"]
[BlackElo "2251"]
[PlyCount "60"]
[EventDate "2016.??.??"]

1. e4 e5 2. Nc3 Nf6 3. g3 d5 4. exd5 Nxd5 5. Bg2 Nxc3 6. bxc3 Bc5 7. Ne2 O-O 8.
O-O Nc6 9. Rb1 Bb6 10. Ba3 Re8 11. c4 Be6 12. d3 e4 13. Nf4 exd3 14. cxd3 Rb8
15. Bxc6 bxc6 16. Nxe6 Rxe6 17. c5 Ba5 18. Qa4 Bc3 19. d4 Rxb1 20. Rxb1 g6 21.
Qxa7 Qxd4 22. Rf1 Qe5 23. Bc1 Bd4 24. Bh6 Re8 25. Bf4 Qxc5 26. Qxc5 Bxc5 27.
Bxc7 Re2 28. a4 Ra2 29. a5 Bb4 30. Rc1 Bxa5 1/2-1/2

[Event "April Lviv Tradition (IM A-group)"]
[Site "Lviv"]
[Date "2016.04.25"]
[Round "1.4"]
[White "Bondarets, Vadim"]
[Black "Shkuran, Daniil"]
[Result "1/2-1/2"]
[WhiteElo "2292"]
[BlackElo "2425"]
[PlyCount "66"]
[EventDate "2016.04.25"]

1. d4 e6 2. Nf3 Nf6 3. e3 c5 4. Bd3 d5 5. b3 Nc6 6. O-O Bd6 7. dxc5 Bxc5 8. Bb2
O-O 9. a3 b6 10. Nbd2 Bb7 11. b4 Be7 12. c4 dxc4 13. Bxc4 Rc8 14. Rc1 a5 15. b5
Nb8 16. Qe2 Nbd7 17. Nd4 Nc5 18. Rfd1 Nd5 19. e4 Nf4 20. Qg4 g5 21. Qf3 Bf6 22.
Qe3 Qd7 23. Bf1 Qc7 24. Ba1 a4 25. N4b3 Be7 26. Nxc5 Bxc5 27. Bd4 Bxd4 28. Rxc7
Bxe3 29. Rxb7 Bc5 30. g3 Ng6 31. Nc4 Rb8 32. Rxb8 Rxb8 33. Kg2 Kg7 $11 1/2-1/2

[Event "April Lviv Tradition (IM A-group)"]
[Site "Lviv"]
[Date "2016.04.25"]
[Round "1.3"]
[White "Winiarski, Mikolaj"]
[Black "Punin, Andrii"]
[Result "0-1"]
[WhiteElo "2150"]
[BlackElo "2306"]
[PlyCount "86"]
[EventDate "2016.??.??"]

1. e4 c5 2. Nf3 d6 3. Bb5+ Nd7 4. O-O a6 5. Bxd7+ Bxd7 6. c4 e5 7. Nc3 Ne7 8.
d3 h6 9. Ne1 Ng6 10. Nd5 Bc6 11. Nc2 Bxd5 12. exd5 Be7 13. b4 b5 14. a4 O-O 15.
Rb1 Rb8 16. Bd2 Qd7 17. axb5 axb5 18. Na3 bxc4 19. bxc5 dxc5 20. dxc4 Rxb1 21.
Qxb1 Ra8 22. Nb5 Qg4 23. h3 Qxc4 24. d6 Bd8 25. Rc1 Qd5 26. Be3 Nh4 27. f3 Ra2
28. Rc2 Rxc2 29. Qxc2 c4 30. Na3 Qxd6 31. Nxc4 Qd5 32. Bf2 Ng6 33. Ne3 Qe6 34.
Qe4 Bb6 35. Nd5 Bxf2+ 36. Kxf2 f5 37. Qc4 Kh7 38. Qc5 e4 39. fxe4 Qxe4 40. Ne3
f4 41. Ng4 Nh4 42. Qd6 Qxg2+ 43. Ke1 Qxh3 0-1

[Event "April Lviv Tradition (IM A-group)"]
[Site "Lviv"]
[Date "2016.04.26"]
[Round "2.1"]
[White "Buksa, Nataliya"]
[Black "Punin, Andrii"]
[Result "1/2-1/2"]
[WhiteElo "2310"]
[BlackElo "2306"]
[PlyCount "60"]
[EventDate "2016.??.??"]

1. e4 e6 2. d4 d5 3. Nc3 Nf6 4. e5 Nfd7 5. f4 c5 6. Nf3 Nc6 7. Be3 cxd4 8. Nxd4
Qb6 9. Qd2 Qxb2 10. Rb1 Qa3 11. Rb3 Qa5 12. Ncb5 Qd8 13. Nxc6 bxc6 14. Nxa7 Nc5
15. Bxc5 Bxc5 16. Nxc6 Qc7 17. Qc3 Bd7 18. Qxc5 Qxc6 19. Qxc6 Bxc6 20. Kd2 Kd7
21. Bb5 Rxa2 22. Bxc6+ Kxc6 23. Rhb1 Ra7 24. Rc3+ Kd7 25. Rb6 Ke7 26. Rbc6 Rd7
27. Kd3 Ra8 28. g3 h5 29. Rc8 Rxc8 30. Rxc8 g6 1/2-1/2

[Event "April Lviv Tradition (IM A-group)"]
[Site "Lviv"]
[Date "2016.04.26"]
[Round "2.2"]
[White "Shkuran, Daniil"]
[Black "Winiarski, Mikolaj"]
[Result "1-0"]
[WhiteElo "2425"]
[BlackElo "2150"]
[PlyCount "65"]
[EventDate "2016.??.??"]

1. e4 c6 2. Nc3 d5 3. d4 dxe4 4. Nxe4 Bf5 5. Ng3 Bg6 6. Nf3 Nd7 7. Bc4 e6 8.
Qe2 Ngf6 9. c3 Be7 10. O-O O-O 11. Nh4 c5 12. dxc5 Bxc5 13. Bf4 Nb6 14. Nxg6
hxg6 15. Bb3 Nbd5 16. Bd2 a5 17. Ba4 Qb6 18. Rab1 Ne7 19. Ne4 Nxe4 20. Qxe4
Rfd8 21. Qe2 Nf5 22. Rfd1 Rd5 23. Bb3 Rd7 24. Bg5 Rxd1+ 25. Rxd1 a4 26. Bc4 Rc8
27. Bd3 Bf8 28. a3 Bc5 29. Be4 f6 30. Bc1 Qc7 31. Bxf5 exf5 32. Qe6+ Kf8 33.
Rd7 1-0

[Event "April Lviv Tradition (IM A-group)"]
[Site "Lviv"]
[Date "2016.04.26"]
[Round "2.3"]
[White "Bykovskiy, Oleg"]
[Black "Bondarets, Vadim"]
[Result "1-0"]
[WhiteElo "2251"]
[BlackElo "2292"]
[PlyCount "83"]
[EventDate "2016.04.25"]

1. Nc3 d5 2. d4 Nf6 3. Bf4 g6 4. Qd2 h6 5. f3 Bg7 6. O-O-O c6 7. e4 Be6 8. e5
Nfd7 9. Kb1 Qa5 10. g4 h5 11. Nxd5 Qd8 12. Ne3 hxg4 13. fxg4 Bd5 14. Nxd5 cxd5
15. e6 fxe6 16. Bd3 Nf8 17. Bxb8 Qxb8 18. Nf3 Qc7 19. Qe2 O-O-O 20. Bxg6 Rd6
21. Bd3 Rb6 22. c3 Kb8 23. Kc2 Nd7 24. Rde1 Rc8 25. g5 a6 26. h4 Rxb2+ 27. Kxb2
Qxc3+ 28. Kb1 Rc6 29. Bc2 Nc5 30. Qe3 Rb6+ 31. Bb3 Nd3 32. Qd2 Rxb3+ 33. axb3
Qxb3+ 34. Ka1 Qa3+ 35. Qa2 Qc3+ 36. Kb1 Nb4 37. Qh2+ Ka8 38. Ne5 Bxe5 39. dxe5
Qd3+ 40. Kc1 d4 41. Rd1 Qc4+ 42. Kb1 {Black Time Zero} 1-0

[Event "April Lviv Tradition (IM A-group)"]
[Site "Lviv"]
[Date "2016.04.26"]
[Round "2.3"]
[White "Anwesh, Upadhyaya"]
[Black "Cukrowski, Filip"]
[Result "1-0"]
[WhiteElo "2385"]
[BlackElo "2346"]
[PlyCount "86"]
[EventDate "2016.??.??"]

1. e4 c5 2. Nc3 Nc6 3. Nge2 e6 4. d4 cxd4 5. Nxd4 Qc7 6. Be3 a6 7. Bd3 Nf6 8.
O-O h5 9. h3 b5 10. Nxc6 Qxc6 11. a3 Bb7 12. Re1 Rc8 13. Qf3 Bc5 14. Qg3 Kf8
15. Bxc5+ Qxc5 16. e5 h4 17. Qf4 Nd5 18. Nxd5 Bxd5 19. a4 Kg8 20. axb5 axb5 21.
c3 Bc6 22. Rad1 Rh5 23. Re3 Ra8 24. Be2 Rh6 25. Bf3 Ra2 26. b4 Qe7 27. Bxc6
dxc6 28. Red3 Rg6 29. Rd8+ Kh7 30. R1d4 Rc2 31. Rc8 Qg5 32. Qxh4+ Qxh4 33.
Rxh4+ Rh6 34. Rxh6+ Kxh6 35. Rxc6 Rc1+ 36. Kh2 Kg5 37. Rc7 Kg6 38. Kg3 Kf5 39.
Rxf7+ Kxe5 40. Rxg7 Rxc3+ 41. f3 Kd6 42. h4 e5 43. Rg4 Kd5 1-0

[Event "April Lviv Tradition (IM A-group)"]
[Site "Lviv"]
[Date "2016.04.26"]
[Round "2.5"]
[White "Kubicka, Anna"]
[Black "Madsen, Michael Ole"]
[Result "1-0"]
[WhiteElo "2154"]
[BlackElo "2036"]
[PlyCount "83"]
[EventDate "2016.04.25"]

1. e4 c6 2. d4 d5 3. e5 Bf5 4. Nf3 e6 5. Be2 c5 6. O-O Nc6 7. c3 cxd4 8. cxd4
Nge7 9. a3 Nc8 10. b4 Nb6 11. Bg5 Qd7 12. Nbd2 h6 13. Be3 Bg4 14. Qb3 Rc8 15.
Rfc1 Be7 16. h3 Bh5 17. Bf1 O-O 18. Ne1 f6 19. f4 fxe5 20. fxe5 Bh4 21. Nef3
Bg3 22. Bb5 a6 23. Be2 Rf7 24. a4 Rcf8 25. a5 Nc8 26. b5 axb5 27. Bxb5 N8a7 28.
Be2 Ne7 29. Nf1 Nf5 30. Qb6 Nc8 31. Qb2 Nce7 32. Bd2 g5 33. Be1 Bxe1 34. Rxe1
Bg6 35. Ra3 Nc6 36. Rc1 Ra8 37. Bb5 Nfe7 38. Qc3 Qd8 39. a6 Qb6 40. Qc5 Qxc5
41. Rxc5 Nd8 42. axb7 1-0

[Event "April Lviv Tradition (IM A-group)"]
[Site "Lviv"]
[Date "2016.04.26"]
[Round "3.1"]
[White "Madsen, Michael Ole"]
[Black "Buksa, Nataliya"]
[Result "0-1"]
[WhiteElo "2036"]
[BlackElo "2310"]
[PlyCount "108"]
[EventDate "2016.??.??"]

1. d4 Nf6 2. c4 g6 3. Nc3 d5 4. cxd5 Nxd5 5. e4 Nxc3 6. bxc3 c5 7. Be3 Bg7 8.
Qd2 cxd4 9. cxd4 O-O 10. Bc4 e6 11. Ne2 b6 12. O-O Bb7 13. f3 Nc6 14. Rfd1 Rc8
15. Rac1 Na5 16. Bd3 Qd6 17. Bf2 Rxc1 18. Rxc1 Nc6 19. Bb5 Rc8 20. Bxc6 Rxc6
21. Rxc6 Qxc6 22. Qc3 Qb5 23. Qc2 Ba6 24. Ng3 Qd3 25. Qxd3 Bxd3 26. Be3 f5 27.
e5 b5 28. a3 Bf8 29. Bc1 b4 30. axb4 Bxb4 31. Bb2 Be1 32. Nf1 f4 33. Bc1 Bc3
34. Bxf4 Bxd4+ 35. Be3 Bxe3+ 36. Nxe3 a5 37. Nd1 a4 38. Nc3 a3 39. Kf2 Bc4 40.
Ke3 a2 41. Nxa2 Bxa2 42. Kf4 Kg7 43. h4 h6 44. Ke4 Kf7 45. Kf4 Bb1 46. g4 Bc2
47. Kg3 Ke7 48. f4 Bd1 49. h5 gxh5 50. f5 hxg4 51. f6+ Kf7 52. Kh4 h5 53. Kg3
Kg6 54. Kh4 Ba4 0-1

[Event "April Lviv Tradition (IM A-group)"]
[Site "Lviv"]
[Date "2016.04.26"]
[Round "3.2"]
[White "Cukrowski, Filip"]
[Black "Kubicka, Anna"]
[Result "1-0"]
[WhiteElo "2346"]
[BlackElo "2154"]
[PlyCount "93"]
[EventDate "2016.04.25"]

1. e4 c6 2. d4 d5 3. Nc3 dxe4 4. Nxe4 Bf5 5. Ng3 Bg6 6. h4 h6 7. Nf3 Nd7 8. h5
Bh7 9. Bd3 Bxd3 10. Qxd3 e6 11. Bd2 Ngf6 12. O-O-O Be7 13. Nf1 O-O 14. Ne3 c5
15. d5 c4 16. Qxc4 Nb6 17. Qb3 Nbxd5 18. Nxd5 Qxd5 19. Qxd5 Nxd5 20. g4 Rac8
21. g5 hxg5 22. Nxg5 Nb4 23. Kb1 Rfd8 24. Nf3 Nxc2 25. h6 Bf6 26. hxg7 Bxg7 27.
Rdg1 f6 28. Bh6 Rd7 29. Bxg7 Rxg7 30. Rxg7+ Kxg7 31. Rc1 Na3+ 32. bxa3 Rxc1+
33. Kxc1 Kg6 34. Nd4 e5 35. Nb5 a6 36. Nd6 b5 37. Kd2 f5 38. Ne8 Kf7 39. Nc7
Ke7 40. Nxa6 Kd6 41. Kd3 Kd5 42. Nb4+ Kc5 43. Nc2 Kd5 44. Ne3+ Ke6 45. f3 Kf6
46. Nd5+ Kg5 47. Ke3 1-0

[Event "April Lviv Tradition (IM A-group)"]
[Site "Lviv"]
[Date "2016.04.26"]
[Round "3.2"]
[White "Bondarets, Vadim"]
[Black "Anwesh, Upadhyaya"]
[Result "0-1"]
[WhiteElo "2292"]
[BlackElo "2385"]
[PlyCount "68"]
[EventDate "2016.??.??"]

1. Nf3 d5 2. d4 Nf6 3. Bg5 Ne4 4. Bh4 c5 5. dxc5 Qa5+ 6. Nbd2 Nd7 7. e3 Ndxc5
8. c4 Be6 9. Qc2 Rd8 10. O-O-O Qxa2 11. cxd5 Rxd5 12. Bb5+ Bd7 13. Bc4 Qa1+ 14.
Nb1 Rxd1+ 15. Rxd1 f6 16. Rxd7 Kxd7 17. Bd5 e6 18. Bxe4 Bd6 19. Nfd2 Rc8 20.
Kd1 Nxe4 21. Qxe4 Qxb2 22. Qxh7 Rc1+ 23. Ke2 Qb5+ 24. Kf3 Qf5+ 25. Qxf5 exf5
26. Bg3 Bb4 27. e4 fxe4+ 28. Kxe4 a5 29. Kf5 a4 30. Kg6 Bxd2 31. Nxd2 a3 32.
Nb3 Rb1 33. Kxg7 Rxb3 34. Kxf6 Rxg3 0-1

[Event "April Lviv Tradition (IM A-group)"]
[Site "Lviv"]
[Date "2016.04.26"]
[Round "3.4"]
[White "Winiarski, Mikolaj"]
[Black "Bykovskiy, Oleg"]
[Result "1-0"]
[WhiteElo "2150"]
[BlackElo "2251"]
[PlyCount "55"]
[EventDate "2016.04.25"]

1. d4 Nf6 2. c4 c5 3. d5 b5 4. cxb5 a6 5. f3 g6 6. e4 d6 7. Nc3 Bg7 8. a4 axb5
9. Bxb5+ Nbd7 10. Nge2 O-O 11. O-O Ba6 12. Be3 Ne5 13. b3 Nfd7 14. Rc1 Nb6 15.
Kh1 Bxb5 16. Nxb5 c4 17. Ned4 cxb3 18. Qxb3 Nxa4 19. Nc6 Nxc6 20. dxc6 Qa5 21.
c7 Rfc8 22. f4 h6 23. h3 Qa6 24. Bg1 Qb7 25. e5 Ra5 26. Rb1 Nc5 27. Bxc5 dxc5
28. Nd6 1-0

[Event "April Lviv Tradition (IM A-group)"]
[Site "Lviv"]
[Date "2016.04.26"]
[Round "3.3"]
[White "Punin, Andrii"]
[Black "Shkuran, Daniil"]
[Result "1-0"]
[WhiteElo "2306"]
[BlackElo "2425"]
[PlyCount "95"]
[EventDate "2016.??.??"]

1. e4 c5 2. Nf3 e6 3. d4 cxd4 4. Nxd4 Nf6 5. Nc3 d6 6. Be3 a6 7. f3 b5 8. Qd2
h5 9. a4 b4 10. Na2 d5 11. e5 Nfd7 12. f4 Nc5 13. Bd3 Nxa4 14. b3 Nc5 15. Nxb4
a5 16. Na2 Nxd3+ 17. cxd3 Nd7 18. O-O Nc5 19. b4 Nb7 20. Nc6 Qd7 21. Rac1 axb4
22. Naxb4 Na5 23. Nxa5 Rxa5 24. Nc6 Ra8 25. Nd4 g6 26. Ra1 Rxa1 27. Rxa1 Be7
28. Qc3 Bb7 29. f5 gxf5 30. Nxf5 d4 31. Qb2 exf5 32. Ra7 dxe3 33. e6 Qxe6 34.
Qxh8+ Bf8 35. Rxb7 e2 36. Rb8+ Kd7 37. Qd4+ Qd6 38. Qa7+ Ke6 39. Re8+ Be7 40.
Qxe7+ Qxe7 41. Rxe7+ Kxe7 42. Kf2 Ke6 43. Kxe2 Ke5 44. Ke3 f4+ 45. Kf3 f6 46.
h4 Kd4 47. Kxf4 Kxd3 48. g4 1-0

[Event "April Lviv Tradition (IM A-group)"]
[Site "Lviv"]
[Date "2016.04.27"]
[Round "4.1"]
[White "Buksa, Nataliya"]
[Black "Shkuran, Daniil"]
[Result "0-1"]
[WhiteElo "2310"]
[BlackElo "2425"]
[PlyCount "88"]
[EventDate "2016.04.25"]

1. e4 c6 2. d4 d5 3. Nc3 dxe4 4. Nxe4 Nd7 5. Bc4 Ngf6 6. Ng3 e6 7. Nf3 Bd6 8.
O-O O-O 9. Re1 c5 10. c3 Qc7 11. Bd3 Rd8 12. Qe2 h6 13. Bc2 Bf4 14. Ne5 Bxc1
15. Raxc1 Nf8 16. dxc5 Qxc5 17. Nh5 Qe7 18. Nxf6+ Qxf6 19. Rcd1 a5 20. Nc4 Ra6
21. Rxd8 Qxd8 22. Qe5 Qd5 23. Qf4 b5 24. Ne5 f6 25. Bg6 Ra7 26. Bf7+ Rxf7 27.
Nxf7 Kxf7 28. a4 Bb7 29. f3 e5 30. Qe3 bxa4 31. h4 Ne6 32. Kh2 Qc4 33. h5 Qh4+
34. Kg1 Kg8 35. Rd1 Nf4 36. Qf2 Qg5 37. Rd8+ Kh7 38. Qc2+ f5 39. Rf8 e4 40. Rb8
exf3 41. Rxb7 fxg2 42. Rxg7+ Kxg7 43. Qd1 Nh3+ 44. Kh2 g1=Q+ 0-1

[Event "April Lviv Tradition (IM A-group)"]
[Site "Lviv"]
[Date "2016.04.27"]
[Round "4.2"]
[White "Bykovskiy, Oleg"]
[Black "Punin, Andrii"]
[Result "1-0"]
[WhiteElo "2251"]
[BlackElo "2306"]
[PlyCount "119"]
[EventDate "2016.04.25"]

1. Nc3 d5 2. d4 Nf6 3. Bf4 c5 4. e3 cxd4 5. exd4 a6 6. Nf3 Nc6 7. Bd3 Bg4 8.
Be2 e6 9. O-O Bxf3 10. Bxf3 Bd6 11. Be3 Qc7 12. g3 Na5 13. Ne2 Nc4 14. Bc1 Be7
15. b3 Nd6 16. Bf4 Qd7 17. Bxd6 Qxd6 18. c4 b6 19. Nf4 Rd8 20. cxd5 Nxd5 21.
Nxd5 exd5 22. Qe2 Qf6 23. Bg2 O-O 24. Qxa6 Qxd4 25. Rad1 Qc5 26. Rc1 Qa5 27.
Qxa5 bxa5 28. Rfd1 Ba3 29. Rc7 d4 30. Bf1 Bb4 31. Bc4 g6 32. Rd3 Kg7 33. Kg2 h5
34. h3 Rd6 35. g4 hxg4 36. hxg4 g5 37. Rf3 Rf6 38. Rd7 Rxf3 39. Kxf3 Bc3 40.
Ke4 Kg6 41. Rd6+ f6 42. Kf3 Rh8 43. Rd7 f5 44. Rd6+ Kg7 45. gxf5 Rh6 46. Rxh6
Kxh6 47. Bd3 Kg7 48. Ke4 g4 49. Be2 Be1 50. Bxg4 Bxf2 51. Be2 Kf6 52. Bd3 Be3
53. Kd5 Ke7 54. Kc5 Kd7 55. Kb5 Bd2 56. a3 Bc1 57. b4 axb4 58. Kxb4 Bg5 59. Kb5
Kc7 60. a4 1-0

[Event "April Lviv Tradition (IM A-group)"]
[Site "Lviv"]
[Date "2016.04.27"]
[Round "4.2"]
[White "Anwesh, Upadhyaya"]
[Black "Winiarski, Mikolaj"]
[Result "0-1"]
[WhiteElo "2385"]
[BlackElo "2150"]
[PlyCount "98"]
[EventDate "2016.??.??"]

1. Nf3 Nf6 2. g3 b6 3. Bg2 Bb7 4. O-O e6 5. c4 Be7 6. b3 O-O 7. Bb2 d6 8. d3 c5
9. Nc3 d5 10. cxd5 Nxd5 11. Nxd5 Bxd5 12. Qc2 Bf6 13. Rfd1 Nc6 14. Rac1 e5 15.
Ne1 Re8 16. Bxd5 Qxd5 17. Qc4 Qd7 18. e3 Rad8 19. Bc3 Qf5 20. a4 h5 21. Qe4 Qd7
22. Qc4 h4 23. Rd2 Qh3 24. Qe4 Nd4 25. Rb2 hxg3 26. hxg3 g6 27. Qg2 Qh6 28. Qh1
Qg5 29. Rd1 Qg4 30. Rdd2 Kg7 31. Bxd4 cxd4 32. e4 Rc8 33. Qf3 Qe6 34. Rdc2 Rxc2
35. Nxc2 Be7 36. Qd1 Rh8 37. Qf1 Rc8 38. Qd1 Qh3 39. Qf3 Qh6 40. Qd1 Bb4 41.
Rb1 Rh8 42. Kg2 Qh3+ 43. Kf3 Bc3 44. Na3 f5 45. Nb5 fxe4+ 46. dxe4 Rf8+ 47. Ke2
Qg4+ 48. Kf1 Qxg3 49. Qc2 d3 0-1

[Event "April Lviv Tradition (IM A-group)"]
[Site "Lviv"]
[Date "2016.04.27"]
[Round "4.3"]
[White "Kubicka, Anna"]
[Black "Bondarets, Vadim"]
[Result "1/2-1/2"]
[WhiteElo "2154"]
[BlackElo "2292"]
[PlyCount "83"]
[EventDate "2016.??.??"]

1. e4 d6 2. d4 Nf6 3. Nc3 c6 4. f4 Qb6 5. Nf3 Bg4 6. Be2 e6 7. h3 Bxf3 8. Bxf3
d5 9. e5 Nfd7 10. Ne2 c5 11. c3 Nc6 12. O-O Be7 13. Kh1 cxd4 14. cxd4 f5 15.
exf6 Nxf6 16. g4 O-O 17. a3 Na5 18. b4 Nc4 19. Qd3 Rac8 20. Ng3 Bd6 21. Ra2 Nd7
22. Bg2 Kh8 23. Re2 Bb8 24. Rfe1 Rc6 25. f5 Qc7 26. fxe6 Nf6 27. e7 Re8 28. Nf1
Nb6 29. Bd2 Ng8 30. Bg5 Rc3 31. Qf5 Rxa3 32. Rc1 Qd6 33. Qf7 Qd7 34. Rce1 Bd6
35. b5 Qxb5 36. Re6 Bb8 37. Bh6 gxh6 38. Rxh6 Nxh6 39. Qf6+ Kg8 40. Qg5+ Kh8
41. Qf6+ Kg8 42. Qg5+ 1/2-1/2

[Event "April Lviv Tradition (IM A-group)"]
[Site "Lviv"]
[Date "2016.04.27"]
[Round "4.5"]
[White "Madsen, Michael Ole"]
[Black "Cukrowski, Filip"]
[Result "0-1"]
[WhiteElo "2036"]
[BlackElo "2346"]
[PlyCount "74"]
[EventDate "2016.04.25"]

1. d4 Nf6 2. c4 e6 3. Nc3 Bb4 4. Qc2 b6 5. a3 Bxc3+ 6. Qxc3 Bb7 7. Bg5 h6 8.
Bh4 d6 9. e3 g5 10. Bg3 Ne4 11. Qc2 f5 12. Ne2 Qf6 13. f3 Nxg3 14. Nxg3 Nd7 15.
Bd3 O-O-O 16. Ne2 g4 17. e4 gxf3 18. gxf3 Qh4+ 19. Kd2 Rdf8 20. exf5 Bxf3 21.
fxe6 Nf6 22. d5 Ne4+ 23. Bxe4 Bxe4 24. Qc3 Qg5+ 25. Qe3 Bxh1 26. Rxh1 Rfg8 27.
Rg1 Qxe3+ 28. Kxe3 Rxg1 29. Nxg1 Kd8 30. Nf3 Ke7 31. Nd4 a6 32. Nc6+ Kf6 33.
Nb4 a5 34. Nc2 Rg8 35. Nd4 Rg2 36. Nb5 Rxb2 37. Nxc7 Ke7 0-1

[Event "April Lviv Tradition (IM A-group)"]
[Site "Lviv"]
[Date "2016.04.27"]
[Round "5.3"]
[White "Cukrowski, Filip"]
[Black "Buksa, Nataliya"]
[Result "1-0"]
[WhiteElo "2346"]
[BlackElo "2310"]
[PlyCount "77"]
[EventDate "2016.??.??"]

1. e4 c5 2. Nf3 e6 3. d4 cxd4 4. Nxd4 a6 5. Bd3 Bc5 6. Nb3 Ba7 7. O-O Nc6 8.
Qe2 d6 9. Kh1 Nf6 10. f4 h5 11. N1d2 Ng4 12. Nf3 Qc7 13. Bd2 Bd7 14. c4 Rd8 15.
h3 e5 16. f5 a5 17. g3 Nf6 18. Bc3 Nb4 19. Bb1 Bb6 20. Nbd2 Na6 21. b3 Ba7 22.
Rc1 Nc5 23. a3 Rg8 24. Bc2 g6 25. b4 Na4 26. Bxa4 Bxa4 27. c5 Nd7 28. cxd6 Qxd6
29. Nc4 Qe7 30. Nfxe5 gxf5 31. Nxf7 Bc6 32. Ncd6+ Kf8 33. Qxh5 Bxe4+ 34. Kh2
Be3 35. Nxd8 Rxg3 36. Nxe4 Rg8 37. Bg7+ Rxg7 38. Ne6+ Qxe6 39. Rc8+ 1-0

[Event "April Lviv Tradition (IM A-group)"]
[Site "Lviv"]
[Date "2016.04.27"]
[Round "5.2"]
[White "Bondarets, Vadim"]
[Black "Madsen, Michael Ole"]
[Result "1-0"]
[WhiteElo "2292"]
[BlackElo "2036"]
[PlyCount "55"]
[EventDate "2016.04.25"]

1. c4 c6 2. Nf3 d5 3. b3 Bf5 4. Bb2 e6 5. d3 h6 6. Nbd2 Nf6 7. g3 Be7 8. Bg2
O-O 9. O-O a5 10. Re1 Qb6 11. cxd5 exd5 12. e4 Bg4 13. h3 Bxf3 14. Nxf3 a4 15.
Rc1 axb3 16. axb3 Ra2 17. Bd4 c5 18. Ra1 Rxa1 19. Bxa1 d4 20. Nd2 Nc6 21. e5
Ne8 22. Bb2 Nc7 23. Bc1 Nb5 24. Ne4 Qa6 25. Qg4 Nb4 26. e6 Nxd3 27. Bxh6 Bf6
28. e7 1-0

[Event "April Lviv Tradition (IM A-group)"]
[Site "Lviv"]
[Date "2016.04.27"]
[Round "5.3"]
[White "Winiarski, Mikolaj"]
[Black "Kubicka, Anna"]
[Result "1-0"]
[WhiteElo "2150"]
[BlackElo "2154"]
[PlyCount "115"]
[EventDate "2016.04.25"]

1. d4 Nf6 2. c4 g6 3. f3 Bg7 4. e4 d6 5. Nc3 O-O 6. Be3 c5 7. Nge2 Qa5 8. Qd2
Nc6 9. Rc1 a6 10. d5 Ne5 11. Ng3 Rb8 12. b3 b5 13. Nb1 Qxd2+ 14. Nxd2 Nfd7 15.
Be2 bxc4 16. Nxc4 Nxc4 17. Bxc4 Nb6 18. Be2 a5 19. O-O Bd7 20. Rfd1 a4 21. Nf1
axb3 22. axb3 Na8 23. Nd2 Nc7 24. f4 f5 25. Bc4 fxe4 26. Nxe4 Kh8 27. g3 Bf5
28. Nc3 Rb7 29. Bf2 Ra8 30. Re1 Bf6 31. Kg2 Kg7 32. h3 h5 33. Re2 Kf8 34. Ne4
Bxe4+ 35. Rxe4 Nb5 36. Re2 Nc3 37. Rec2 Na2 38. Re1 Nb4 39. Rce2 Ra2 40. Rxa2
Nxa2 41. g4 hxg4 42. hxg4 Nb4 43. g5 Bg7 44. Kg3 Ra7 45. Re6 Kf7 46. Re2 Kf8
47. f5 gxf5 48. Kf4 Ra2 49. Rxa2 Nxa2 50. Kxf5 Kf7 51. Bh4 Be5 52. g6+ Kg7 53.
Bxe7 Nc3 54. Ke6 Kxg6 55. Bxd6 Bxd6 56. Kxd6 Kf7 57. Kc7 Ne4 58. d6+ 1-0

[Event "April Lviv Tradition (IM A-group)"]
[Site "Lviv"]
[Date "2016.04.27"]
[Round "5.1"]
[White "Punin, Andrii"]
[Black "Anwesh, Upadhyaya"]
[Result "0-1"]
[WhiteElo "2306"]
[BlackElo "2385"]
[PlyCount "84"]
[EventDate "2016.??.??"]

1. c4 e5 2. Nc3 Nc6 3. g3 f5 4. Bg2 Nf6 5. d3 Bb4 6. e3 Bxc3+ 7. bxc3 d6 8. Rb1
O-O 9. Ne2 Qe8 10. O-O Qh5 11. d4 Nd8 12. c5 Nf7 13. cxd6 cxd6 14. Ba3 Re8 15.
Nc1 Qh6 16. Nd3 f4 17. exf4 e4 18. Ne5 dxe5 19. dxe5 e3 20. f3 Bf5 21. Rxb7
Rad8 22. Qb3 Nd5 23. Re1 Qc6 24. c4 Nb6 25. Rxa7 Nxc4 26. Re7 Rxe7 27. Bxe7 Rc8
28. g4 Be6 29. f5 Bd5 30. e6 Nfe5 31. f4 Bxg2 32. fxe5 Bh3 33. Qc2 Nxe5 34.
Qxc6 Rxc6 35. Rb1 h6 36. g5 hxg5 37. f6 gxf6 38. Bxf6 Nf3+ 39. Kh1 Rxe6 40.
Bxg5 Nxg5 41. Rg1 e2 42. Rxg5+ Kf7 0-1

[Event "April Lviv Tradition (IM A-group)"]
[Site "Lviv"]
[Date "2016.04.27"]
[Round "5.5"]
[White "Shkuran, Daniil"]
[Black "Bykovskiy, Oleg"]
[Result "1/2-1/2"]
[WhiteElo "2425"]
[BlackElo "2251"]
[PlyCount "61"]
[EventDate "2016.04.25"]

1. e4 e5 2. Nf3 Nf6 3. Nxe5 d6 4. Nf3 Nxe4 5. Nc3 Nxc3 6. dxc3 Be7 7. Bf4 O-O
8. Qd2 Nd7 9. O-O-O Nc5 10. Nd4 Ne6 11. Be3 Bf6 12. Bd3 Nc5 13. Rhe1 Re8 14.
Bf4 Be6 15. Kb1 Bxd4 16. cxd4 Nxd3 17. Qxd3 Qf6 18. Qd2 Qf5 19. d5 Bd7 20. f3
Rxe1 21. Rxe1 Re8 22. Rxe8+ Bxe8 23. Qd4 b6 24. g4 Qd7 25. b3 a5 26. Bd2 f6 27.
h3 Bg6 28. f4 Qe7 29. f5 Bf7 30. Be3 Qe5 31. Qxe5 $11 1/2-1/2